000 00889nam a22002777a 4500
001 BR8501614
003 BR-BrBNA
005 20230928092123.0
007 ta
008 230509b bl.||||| |||| 00| 0 por d
040 _aBR-BrBNA
_bpor
_cBiblioteca Nacional de Agricultura
041 _a(Por)
072 _aE14; E20
_b/G514
090 _ E14 BR8501614
110 1 _aDelegacia Federal de Agricultura de Pernambuco, Recife (Brasil)
_93056
245 1 _aAbordagem organizacional e relato anual das acoes direta e indiretamente executadas pela Delegacia Federal de Agricultura de Pernambuco [Brasil]
260 3 _aRecife, PE (Brasil):
_c1985.
300 _a43 p.
500 _a13 tables
650 _aDESENVOLVIMENTO AGRICOLA
650 _aINSTITUICAO AGRICOLA
650 _aADMINISTRACAO PUBLICA
650 _aPERNAMBUCO
909 _a202309
_bLucia
_c55
_dLucia Elande
942 _cBK
999 _c37241
_d37241